Petróleo en Venezuela / (Record no. 92345)

MARC details
000 -LEADER
campo de control de longitud fija 00529nam a2200169 i 4500
001 - NÚMERO DE CONTROL
campo de control 92345
003 - IDENTIFICADOR DE NÚMERO DE CONTROL
campo de control ES-MaACL
005 - FECHA Y HORA DE LA ÚLTIMA TRANSACCIÓN
campo de control 20230906180942.0
007 - CAMPO FIJO DE DESCRIPCIÓN FÍSICA--INFORMACIÓN GENERAL
campo de control de longitud fija t|
008 - DATOS DE LONGITUD FIJA--INFORMACIÓN GENERAL
campo de control de longitud fija 050225s1964 ve ||||1| spa d
100 1# - ENTRADA PRINCIPAL--NOMBRE DE PERSONA
Nombre de persona Lieuwen, Edwing.
9 (RLIN) 72260
245 10 - MENCIÓN DEL TÍTULO
Título Petróleo en Venezuela /
Mención de responsabilidad, etc. Edwing Lieuwen; [traducción de Justo Fernández Buján].
260 ## - PUBLICACIÓN, DISTRIBUCIÓN, ETC.
Lugar de publicación, distribución, etc. Caracas :
Nombre del editor, distribuidor, etc. Cruz del Sur,
Fecha de publicación, distribución, etc. 1964 :
Nombre del editor, distribuidor, etc. [Condor]
300 ## - DESCRIPCIÓN FÍSICA
Extensión 246 p. :
Otras características físicas il. ;
Dimensiones 20 cm.
700 1# - ENTRADA AGREGADA--NOMBRE PERSONAL
Nombre de persona Fernández Buján, Justo.
9 (RLIN) 49527
852 ## - LOCALIZACIÓN
Ubicación ES-MaACL
Número de control de estantería C-26063
Sublocalización o colección R.54706
Holdings
Estatus retirado Estado de pérdida Estado de daño No para préstamo Biblioteca de origen Biblioteca actual Ubicación en estantería Fecha de adquisición Fuente de adquisición Total de préstamos Signatura topográfica completa Código de barras Visto por última vez Precio de reemplazo Tipo de ítem Koha
        Biblioteca del Ateneo de Madrid Biblioteca del Ateneo de Madrid Depósito 2 17/01/2008     C-26063 1096409 23/02/2023 23/02/2023 Libro impreso